Abiyoyo : (Record no. 1947)

MARC details
000 -LEADER
fixed length control field 01352pam a2200373 a 4500
001 - CONTROL NUMBER
control field 1947
003 - CONTROL NUMBER IDENTIFIER
control field FISKH
005 - DATE AND TIME OF LATEST TRANSACTION
control field 20231020093944.0
008 - FIXED-LENGTH DATA ELEMENTS--GENERAL INFORMATION
fixed length control field 930623r19941986nyua j 000 0 eng
010 ## - LIBRARY OF CONGRESS CONTROL NUMBER
LC control number 93025730
020 ## - INTERNATIONAL STANDARD BOOK NUMBER
International Standard Book Number 9780689718106
040 ## - CATALOGING SOURCE
Original cataloging agency DLC
Transcribing agency DLC
Modifying agency DLC
042 ## - AUTHENTICATION CODE
Authentication code lcac
050 00 - LIBRARY OF CONGRESS CALL NUMBER
Classification number PZ8.1.S453
Item number Ab 1994
082 00 - DEWEY DECIMAL CLASSIFICATION NUMBER
Classification number 398.2/1/0968
-- E
Edition number 20
100 1# - MAIN ENTRY--PERSONAL NAME
Personal name Seeger, Pete,
Dates associated with a name 1919-2014.
245 10 - TITLE STATEMENT
Title Abiyoyo :
Remainder of title based on a South African Lullaby and folk story /
Statement of responsibility, etc. text by Pete Seeger ; illustrations by Michael Hays.
250 ## - EDITION STATEMENT
Edition statement 1st Aladdin Books ed.
260 ## - PUBLICATION, DISTRIBUTION, ETC.
Place of publication, distribution, etc. New York :
Name of publisher, distributor, etc. Aladdin,
Date of publication, distribution, etc. 1994.
300 ## - PHYSICAL DESCRIPTION
Extent 45 unnumbered pages :
Other physical details color illustrations ;
Dimensions 26 cm
440 #0 - SERIES STATEMENT/ADDED ENTRY--TITLE
Title Reading rainbow book
505 ## - FORMATTED CONTENTS NOTE
Formatted contents note J<br/>
520 ## - SUMMARY, ETC.
Summary, etc. Banished from the town for making mischief, a little boy and his father are welcomed back when they find a way to make the dreaded giant Abiyoyo disappear.
521 8# - TARGET AUDIENCE NOTE
Target audience note 470<br/>
Source Lexile AD<br/>
521 8# - TARGET AUDIENCE NOTE
Target audience note J<br/>
Source Raz-Plus<br/>
650 #1 - SUBJECT ADDED ENTRY--TOPICAL TERM
Topical term or geographic name entry element Folklore
Geographic subdivision South Africa.
650 #1 - SUBJECT ADDED ENTRY--TOPICAL TERM
Topical term or geographic name entry element Lullabies.
650 #1 - SUBJECT ADDED ENTRY--TOPICAL TERM
Topical term or geographic name entry element Magicians
Form subdivision Folklore.
650 #1 - SUBJECT ADDED ENTRY--TOPICAL TERM
Topical term or geographic name entry element Giants
Form subdivision Folklore.
700 1# - ADDED ENTRY--PERSONAL NAME
Personal name Hays, Michael,
Dates associated with a name 1956-
Relator term illustrator
906 ## - LOCAL DATA ELEMENT F, LDF (RLIN)
a 7
b cbc
c orignew
d 1
e ocip
f 19
g y-gencatlg
942 ## - ADDED ENTRY ELEMENTS (KOHA)
Source of classification or shelving scheme Dewey Decimal Classification
Koha item type Books
Suppress in OPAC No
Holdings
Withdrawn status Lost status Source of classification or shelving scheme Damaged status Not for loan Collection Home library Current library Shelving location Date acquired Total Checkouts Full call number Barcode Date last seen Price effective from Koha item type
    Dewey Decimal Classification     Juvenile Fiction Footprints International School Library Network Toul Kork Campus Footprints International School Library Network Toul Kork Campus TK Primary Library Room(4th Floor), Bookcase 1&2, Shelves 1-16, Dark Blue Books 10/20/2023   SEE 398.2 PZ8.S453 FISTK01653 10/20/2023 10/20/2023 Books